Οι επιθυμίες και οι προσδοκίες των μαθητών της έκτης τάξης του δημοτικού σχολείου για τις διευκολυντικές συνθήκες στη σχέση την οποία θα αναπτύξουν με τους καθηγητές τους στο Γυμνάσιο, καθώς και οι εμπειρίες διευκολυντικών συνθηκών των μαθητών της πρώτης γυμνασίου από τη σχέση αυτή /

Bibliographic Details
Main Author: Κονιδάρης, Γεώργιος (συγγραφέας)
Corporate Author: Πανεπιστήμιο Πατρών. Σχολή Ανθρωπιστικών και Κοινωνικών Επιστημών. Παιδαγωγικό Τμήμα Δημοτικής Εκπαίδευσης
Other Authors: Βασιλόπουλος, Στέφανος Φ. (επιβλέπων)
Format: Thesis Book
Language:Greek
Subjects:
Online Access:http://hdl.handle.net/10889/10401
LEADER 02011nam a22002297a 4500
005 20250315063418.0
008 170117s2014 gr ||f m||| 000 ||gre d
040 |a GR-PaULI  |b gre  |c GR-PaULI  |e AACR2 
082 |2 23  |a 371.102 3 
100 1 |9 36986  |a Κονιδάρης, Γεώργιος  |e συγγραφέας 
245 1 3 |a Οι επιθυμίες και οι προσδοκίες των μαθητών της έκτης τάξης του δημοτικού σχολείου για τις διευκολυντικές συνθήκες στη σχέση την οποία θα αναπτύξουν με τους καθηγητές τους στο Γυμνάσιο, καθώς και οι εμπειρίες διευκολυντικών συνθηκών των μαθητών της πρώτης γυμνασίου από τη σχέση αυτή /  |c Κονιδάρης Γιώργος ; Πανεπιστήμιο Πατρών, Σχολή Ανθρωπιστικών και Κοινωνικών Επιστημών, Παιδαγωγικό Τμήμα Δημοτικής Εκπαίδευσης. 
300 |a 507 σ. ;  |c 30 εκ. 
502 |a Διατριβή (διδακτορική)-Πανεπιστήμιο Πατρών, 2014. 
504 |6 Βιβλιογραφία: σ. 339-411. 
650 4 |9 6167  |a Συνεργασία σπουδαστών και εκπαιδευτικών  |x Προγράμματα σπουδών 
700 1 |a Βασιλόπουλος, Στέφανος Φ.  |e επιβλέπων  |9 135690 
710 2 |a Πανεπιστήμιο Πατρών.  |b Σχολή Ανθρωπιστικών και Κοινωνικών Επιστημών.  |b Παιδαγωγικό Τμήμα Δημοτικής Εκπαίδευσης  |9 28908 
856 4 |u http://hdl.handle.net/10889/10401 
942 |2 ddc  |c BKTD 
952 |0 0  |1 0  |2 ddc  |4 0  |6 371_102000000000000_3_ΚΟΝ  |7 0  |9 209200  |a LISP  |b LISP  |c RES  |d 2017-01-26  |i 12089  |l 0  |o 371.102 3 ΚΟΝ  |p 025000107334  |r 2017-01-26 00:00:00  |t 1  |y BKTD 
998 |c ΓΚΟΓΚΟΥ  |d 01-2017 
999 |c 127277  |d 127277